Statistics for Cold War Quiz

Click here to take the quiz!

General Stats

  • This quiz has been taken 105 times
    (70 since last reset)
  • The average score is 8 of 15

Answer Stats

HintAnswer% Correct
What city was split in half by a wall?Berlin
100%
What country was split into east and west halves?Germany
86%
What country was controlled by Fidel Castro?Cuba
73%
What was the name of the border between the communist countries
and the rest of Europe?
The Iron Curtain
66%
When did the Cold War start?1947
55%
And when did it end?1991
54%
The fall of what marked the end of the cold war?The Berlin Wall
52%
What economic ideology did the USSR use?Communist
48%
Who was the first leader of the USSR.Vladimir Lenin
45%
What economic system did the USA use?Capitalist
43%
What does Ich bin ein Berliner translate to?I am a Berliner
43%
Who made the speech "Ich bin ein Berliner"?John F Kennedy
41%
What treaty was a mutual defense treaty between the communist countries?The Warsaw Pact
30%
Which country was last to leave the Soviet Union?Kazakhstan
29%
What was the name of the problem the US had with nuclear missiles?The Cuban Missile Crisis
14%

Score Distribution

Percentile by Number Answered

Percent of People with Each Score

Your Score History

You have not taken this quiz since the last reset